| 000 | 01638nam a2200385 i 4500 | ||
|---|---|---|---|
| 001 | 8012 | ||
| 003 | KOSZ 005 | ||
| 005 | 20211027115719.0 | ||
| 008 | 081014s1949 pl a g 001 0 pol | ||
| 015 | _aPB 1950/533 | ||
| 040 |
_aWA N _cWA N _dKOSZ 005/RW _dKOSZ 005/HR |
||
| 041 | 1 |
_apol _hfre |
|
| 080 | _a330.8 | ||
| 100 | 1 |
_aMarx, Karl _d(1818-1883) _eAutor |
|
| 245 | 1 | 0 |
_aNędza filozofii : _bodpowiedź na "Filozofię nędzy" p. Proudhona / _cKarol Marks ; [przekł. dokonał Kazimierz Błeszyński, listy tł. Paweł Hoffman]. |
| 246 | 1 |
_iTyt. oryg.: _aMisère de la philosophie : _bréponse à la philosophie de la misère de M. Proudhon. |
|
| 260 |
_aWarszawa : _b"Książka i Wiedza", _c1949. |
||
| 300 |
_a209, [1] s., [1] k. tabl. ; _c21 cm. |
||
| 380 | _aKsiążki. | ||
| 490 | 1 | _aBiblioteka Klasyków Marksizmu-Leninizmu. | |
| 504 | _aIndeks. | ||
| 600 | 1 | 4 |
_aProudhon, Pierre Joseph _d(1809-1865). _tSystème des contradictions economiques ou philosophie de la misère. |
| 648 | 4 | _a1801-1900 | |
| 650 | 4 | _aEkonomia | |
| 650 | 4 | _aFilozofia ekonomii | |
| 650 | 4 | _aMarksizm | |
| 651 | _aFrancja | ||
| 658 | _aGospodarka, ekonomia, finanse | ||
| 700 | 1 |
_aHoffman, Paweł _d(1903-1978). _eTłumaczenie |
|
| 700 | 1 |
_aBłeszyński, Kazimierz _d(1881-1972). _eTłumaczenie |
|
| 710 | 2 |
_aSpółdzielnia Wydawniczo-Handlowa "Książka i Wiedza" _4pbl. |
|
| 830 | 0 | _aBiblioteka Klasyków Marksizmu-Leninizmu. | |
| 856 |
_uhttp://koha.tu.koszalin.pl/cgi-bin/koha/opac-detail.pl?biblionumber=8012 _yKatalog online BPK |
||
| 942 |
_2UKD _cKS |
||
| 999 |
_c8012 _d8012 |
||